Funkcia fyziky v systéme komunistickej výchovy

Salvato in:
Dettagli Bibliografici
Autore principale: Tomanová, Eva (Autore)
Natura: Libro
Lingua:slovacco
Pubblicazione: Bratislava : SPN, 1979
Soggetti:
Tags: Aggiungi Tag
Nessun Tag, puoi essere il primo ad aggiungerne!!

MARC

LEADER 00000nam a22000003a 4500
001 stu183790
005 20150617225609.7
008 090504s1979----cs------------------slo-d
040 |a STU  |b slo 
041 0 |a slo 
044 |a cs 
080 |a 373.5.35.4 
100 1 |a Tomanová, Eva  |4 aut 
245 1 |a Funkcia fyziky v systéme komunistickej výchovy 
260 |a Bratislava :  |b SPN,  |c 1979 
300 |a 52 s 
650 7 |a fyzika  |2 stusub 
996 |b E43271  |c E*43271  |l EE05  |s P  |a 0  |w stu183790_0001